| 000 | 00769nab a2200217u 4500 | ||
|---|---|---|---|
| 001 | 21536 | ||
| 003 | HDC | ||
| 007 | c| |||a|c|aaaa | ||
| 008 | 210307b20110304my ||||o |||| 00| 0 eng d | ||
| 040 | _aHDC | ||
| 245 | 0 | _aDubai: Midamar Halal Air Chilled Chicken Crowned "Best New Halal Food" at Gulfood Awards | |
| 336 |
_atext _2rdacontent |
||
| 337 |
_acomputer _2rdamedia |
||
| 338 |
_aonline resource _2rdacarrier |
||
| 650 |
_aDubai International Convention and Exhibition Centre _917800 |
||
| 650 |
_aGulfood Award _919037 |
||
| 856 | _zRequest full-text at [email protected] | ||
| 942 | _2lcc | ||
| 942 | _cNEWS | ||
| 942 | _kNWS0 004972 | ||
| 999 |
_c18852 _d18852 |
||